000
00215 a2200097 4500
001
30548
100
_a
Hubbell
245
_a
Writing Term papers & reports
260
_a
NY
_b
Barnes & Noble
_c
090
_c
20478
_d
20478
942
_a
NUST-CAE
_c
M
_c
11645
999
_c
265621
_d
265621